000 00674nas a2200241 4500
001 BR7903055
003 BR-BrBNA
005 20231205083726.0
007 ta
008 230509b bl.|||p| |||| 00| 00por d
040 _aBR-BrBNA
_bpor
_cBiblioteca Nacional de Agricultura
041 _a(Pt)
072 _aL70
100 1 _aAnon.
245 1 _aVacina antiaftosa pode ser aplicada junto com vermifugo
650 _aVeterinaria
650 _aVacina
650 _aVermifugo
650 _aAftosa
773 0 _tAgricultura e Pecuaria (Brazil)
_xISSN 0100-249X
_g(Jun 1978), (no. 624) p. 6
_wBR7903055
909 _a202311
_bLúcia
_c55
_dLúcia Elande
942 _2AGRIS
_n0
_cANA
999 _c100787
_d100787